Les peintres français - Statistiques

Statistiques générales
  • Ce quiz a été pris 467 fois
  • Le résultat moyen est 11 sur 20
Statistiques - réponses
Œuvres Peintre % Correct
Les Nymphéas, La Gare Saint-Lazare Claude Monet
96%
La Liberté guidant le peuple, La Mort de Sardanapale Eugène Delacroix
87%
Olympia, Le Déjeuner sur l'herbe Édouard Manet
86%
Femmes de Tahiti, Fatata te Miti Paul Gauguin
74%
Montagne Sainte-Victoire, Les Joueurs de cartes Paul Cézanne
72%
Bal du moulin de la Galette, La Loge Pierre-Auguste Renoir
71%
La Mort de Marat, Le Sacre de Napoléon Jacques-Louis David
70%
Le Radeau de la Méduse, Tête de cheval blanc Theodore Géricault
67%
L’Origine du monde, Les Baigneuses Gustave Courbet
65%
L’Absinthe, La Petite Danseuse de quatorze ans Edgar Degas
63%
Le Lit, Au Moulin Rouge Henri De Toulouse-Lautrec
58%
Des Glaneuses, L'Angélus Jean-François Millet
51%
Le Bain turc, La Grande Odalisque Jean-Auguste-Dominique Ingres
47%
Les Raboteurs de parquet, Vue de toits (Effet de neige) Gustave Caillebotte
43%
La Danse, Femme au chapeau Henri Matisse
42%
L'Enlèvement des Sabines, Le Massacre des Innocents Nicolas Poussin
39%
Un dimanche après-midi à l'Île de la Grande Jatte, Le Cirque Georges Seurat
37%
Pierrot, Pèlerinages à l'île de Cythère Antoine Watteau
25%
Le Berceau, La Petite Niçoise Berthe Morisot
22%
La Leçon de guitare, Nu devant un miroir Balthus
5%
Aucun quiz correspondant
Distribution des résultats
% des personnes avec chaque résultat
Percentile par nombre de réponses
Votre historique - résultats
Vous n’avez pas pris ce quiz